[Event "Kesan op 10th"]
[Site "Kesan"]
[Date "2012.07.31"]
[Round "6"]
[White "Kelpetin, Umut Can"]
[Black "Ebralidze, Alexandre"]
[Result "0-1"]
[WhiteElo "1759"]
[BlackElo "1956"]
[PlyCount "58"]
[EventDate "2012.07.28"]
[EventType "swiss"]
[EventRounds "9"]
[EventCountry "TUR"]
[SourceTitle "CBM 149 Extra"]
[Source "ChessBase"]
[SourceDate "2012.08.24"]
[SourceVersion "1"]
[SourceVersionDate "2012.08.24"]
[SourceQuality "1"]

1. e4 c6 2. d4 d5 3. exd5 cxd5 4. c4 Nf6 5. Nc3 e6 6. c5 Be7 7. Rb1 0-0 8. Bd3 Nc6 9. Nf3 Nb4 10. a3 Nxd3+ 11. Qxd3 b6 12. b4 Bb7 13. 0-0 Ne4 14. Bf4 a5 15. Rfc1 axb4 16. axb4 Ra3 17. Nd2 bxc5 18. bxc5 Ba6 19. Qf3 g5 20. Ndxe4 dxe4 21. Qg3 Qxd4 22. Bxg5 Bxg5 23. Qxg5+ Kh8 24. Nb5 Bxb5 25. Rxb5 e3 26. fxe3 Rxe3 27. Kh1 Rg8 28. Qh6 Re2 29. Rb4 Qf2 0-1

[Event "TUR-chT2"]
[Site "Konya"]
[Date "2011.07.09"]
[Round "8"]
[White "Kelpetin, Umut Can"]
[Black "Savran, Suleyman"]
[Result "0-1"]
[WhiteElo "1767"]
[BlackElo "1874"]
[PlyCount "62"]
[EventDate "2011.07.04"]
[EventType "team-swiss"]
[EventRounds "9"]
[EventCountry "TUR"]
[SourceTitle "CBM 143 Extra"]
[Source "ChessBase"]
[SourceDate "2011.08.29"]
[SourceVersion "1"]
[SourceVersionDate "2011.08.29"]
[SourceQuality "1"]
[WhiteTeam "Istanbul Dobruca"]
[BlackTeam "Er Bakir"]
[WhiteTeamCountry "TUR"]
[BlackTeamCountry "TUR"]

1. e4 c6 2. d4 d5 3. exd5 cxd5 4. c4 Nf6 5. Nc3 e6 6. c5 Nc6 7. Nf3 a6 8. Be2 Bd7 9. Rb1 Qc7 10. 0-0 b6 11. b4 bxc5 12. bxc5 Be7 13. g3 0-0 14. Rb6 e5 15. dxe5 Nxe5 16. Nxd5 Nxd5 17. Qxd5 Bf6 18. Bf4 Bc6 19. Bxe5 Qxb6 20. Qd6 Qb7 21. Nd4 Bxe5 22. Qxc6 Qb2 23. Nf3 Qxe2 24. Re1 Qxa2 25. Nxe5 h6 26. Nd7 Rac8 27. Qb7 Rfe8 28. Rb1 Rc7 29. Qxc7 Qxb1+ 30. Kg2 Qe4+ 31. Kg1 Qd5 0-1